Certifikát projektantom

Podrobná bibliografia
Hlavný autor: bm (Autor)
Korporatívny autor: Hutný projekt (Košice, Slovensko) (Autor)
Médium: Článok
Jazyk:slovenčina
Predmet:

MARC

LEADER 00000nab a2200000 a 4500
001 vtls000907735
003 SK-MaSNL
005 20260302172459.0
008 040720e20011122xo 0 slo
035 |a KE16672 
040 |a KEVKJB  |b slo  |c KEVKJB  |e AACR2 
041 0 |a slo 
044 |a xo  |c SK 
080 |a 669.1  |2 1981 
080 |a 72.011.1  |2 1981 
100 0 |a bm  |4 aut  |9 840066 
245 1 0 |a Certifikát projektantom 
610 2 7 |a Hutný projekt (Košice, Slovensko)  |2 KEVKJB  |9 878524 
650 0 7 |a certifikáty  |2 KEVKJB  |9 16170 
650 0 7 |a udelenie  |2 KEVKJB  |9 873621 
650 0 7 |a informácie  |2 KEVKJB  |9 1285 
651 7 |a Košice (Slovensko)  |2 KEVKJB  |9 18694 
651 7 |a KE,  |2 KEVKJB  |9 877256 
655 7 |a periodikum  |2 snkbucl  |9 29553 
710 2 |a Hutný projekt (Košice, Slovensko)  |4 aut  |9 878524 
773 0 8 |t Košický večer  |g Roč. 12  |g Roč. 33, č.226, 22.11.2001, s. 3 
852 |a ZVYKNI  |b KIS3GCP 
999 |c 1398911  |d 1400841